000 00480cam a2200205ua 4500
001 10146
005 20260515114555.0
008 170412n ii |||gr||||Z||||||eng
020 _a8130405385
040 _cMAIN
041 _aeng
082 _a158.3
100 _aKaul, Tarun,
_eAuthor.
245 _aInformative group discussions
_cBy Tarun Kaul
250 _a1st ed.
260 _aDelhi:
_bTiny tot publications,
_c2006.
300 _a160p.
653 _aMAIN
942 _cBK
999 _c9135
_d9135